| 000 -LEADER |
| fixed length control field |
01493nam a2200265Ia 4500 |
| 001 - CONTROL NUMBER |
| control field |
18045 |
| 003 - CONTROL NUMBER IDENTIFIER |
| control field |
GE_BSU |
| 008 - FIXED-LENGTH DATA ELEMENTS--GENERAL INFORMATION |
| fixed length control field |
181216s||||||||xx |||||||||||||| ||und|| |
| 040 ## - CATALOGING SOURCE |
| Transcribing agency |
GE_BSU |
| 080 ## - UNIVERSAL DECIMAL CLASSIFICATION NUMBER |
| Universal Decimal Classification number |
81(44)(092) |
| 100 ## - MAIN ENTRY--PERSONAL NAME |
| Personal name |
თურნავა, სერგო |
| 245 ## - TITLE STATEMENT |
| Title |
რენე ლაფონი და საქართველო |
| 245 ## - TITLE STATEMENT |
| Remainder of title |
ნარკვევი ფრანგი ბასკოლოგისა და კავკასიოლოგის შესახებ |
| 245 ## - TITLE STATEMENT |
| Statement of responsibility, etc. |
რედ. რ. მიმინოშვილი |
| 260 ## - PUBLICATION, DISTRIBUTION, ETC. |
| Place of publication, distribution, etc. |
თბილისი |
| 260 ## - PUBLICATION, DISTRIBUTION, ETC. |
| Name of publisher, distributor, etc. |
მეცნიერება |
| 260 ## - PUBLICATION, DISTRIBUTION, ETC. |
| Date of publication, distribution, etc. |
1969 |
| 300 ## - PHYSICAL DESCRIPTION |
| Extent |
95 გვ. ; 22 სმ. |
| 300 ## - PHYSICAL DESCRIPTION |
| Accompanying material |
ბიბლიოგრ.: გვ. 92.-რენე ლაფონის დაბეჭდილი სამეცნიერო ნაშრომების ბიბლიოგრ.:89-91 |
| 520 ## - SUMMARY, ETC. |
| Summary, etc. |
რეზუმე ფრანგულ ენ |
| 653 ## - INDEX TERM--UNCONTROLLED |
| Uncontrolled term |
ნარკვევი ფრანგი ბასკოლოგის და კავკასიოლოგის შესახებ |
| 653 ## - INDEX TERM--UNCONTROLLED |
| Uncontrolled term |
რენე ლაფონი და საქართველო |
| 653 ## - INDEX TERM--UNCONTROLLED |
| Uncontrolled term |
ფრანგი ენათმეცნიერები; ქართული კულტურა; ფრანგი კავკასიოლოგები; ფრანგი ბასკოლოგები |
| 942 ## - ADDED ENTRY ELEMENTS (KOHA) |
| Koha item type |
წიგნი |